[Event "Znojemska rotunda 2002"]
[Site "?"]
[Date "2002.??.??"]
[Round "5"]
[White "Mlensky, Dalibor"]
[Black "Blazek, Milos"]
[Result "1-0"]
[WhiteElo "2095"]
[BlackElo "2113"]
[PlyCount "55"]

1. e4 e5 2. f4 Bc5 3. Nf3 d6 4. Bc4 Nf6 5. Nc3 Nc6 6. d3 O-O 7. f5 Na5 8. Bg5
c6 9. a3 b5 10. Bxb5 cxb5 11. Nd5 Bb7 12. Nxf6+ gxf6 13. Bh6 Nc6 14. Nd4 Kh8
15. Nxb5 Rg8 16. c4 Nd4 17. Nxd4 Bxd4 18. Qh5 Bxb2 19. Rb1 Bc3+ 20. Kf2 Bd4+
21. Kf3 Bc6 22. h4 Qd7 23. g4 Rab8 24. Bg5 Qe7 25. Qh6 fxg5 26. hxg5 f6 27.
gxf6 Qf7 28. Qxh7+ 1-0

[Event "Znojemska rotunda 2002"]
[Site "?"]
[Date "2002.??.??"]
[Round "5"]
[White "Talpa, Pavel"]
[Black "Fojtik, Tomas"]
[Result "1/2-1/2"]
[WhiteElo "1854"]
[BlackElo "2107"]
[PlyCount "50"]

1. Nf3 d5 2. g3 c6 3. d4 Nf6 4. Bg2 e6 5. O-O Nbd7 6. Bg5 Be7 7. Nbd2 O-O 8. c3
Qb6 9. Rb1 c5 10. e3 h6 11. Bxf6 Nxf6 12. Ne5 Bd7 13. Nxd7 Nxd7 14. f4 Qa6 15.
a3 b5 16. Qe2 Qb6 17. Nf3 b4 18. axb4 cxb4 19. cxb4 Qxb4 20. Ne5 Nxe5 21. fxe5
Rfc8 22. Rf2 Rc7 23. Rbf1 Bf8 24. Qd3 g6 25. g4 Bg7 1/2-1/2

[Event "Znojemska rotunda 2002"]
[Site "?"]
[Date "2002.??.??"]
[Round "5"]
[White "Spilka, Jaroslav"]
[Black "Kubicek, Martin"]
[Result "0-1"]
[WhiteElo "1374"]
[BlackElo "1585"]
[PlyCount "66"]

1. e4 c5 2. c3 Nc6 3. Nf3 d5 4. e5 Bg4 5. d4 e6 6. Be2 c4 7. O-O Be7 8. h3 Bf5
9. Nbd2 h5 10. Nh2 h4 11. Bg4 Bd3 12. Re1 Nh6 13. Ndf1 g5 14. b3 b5 15. Be3 a5
16. Nd2 Ba3 17. bxc4 Bb2 18. cxb5 Bxa1 19. bxc6 Bxc3 20. Qa4 O-O 21. Rc1 Bb4
22. Ndf3 Be7 23. Qd1 Bg6 24. Qd2 Nf5 25. Nxg5 Nxe3 26. Qxe3 Bxg5 27. f4 Bh6 28.
Nf3 Qe7 29. Rc5 Rfc8 30. Qc1 Rab8 31. Rxa5 Rb1 32. Qxb1 Bxb1 33. Ra6 Bxf4 0-1

[Event "Znojemska rotunda 2002"]
[Site "?"]
[Date "2002.??.??"]
[Round "5"]
[White "Rulfova, Zuzana"]
[Black "Antos, Jakub"]
[Result "0-1"]
[WhiteElo "1405"]
[BlackElo "1675"]
[PlyCount "60"]

1. e4 e5 2. Nf3 Nc6 3. Bc4 Nf6 4. Ng5 d5 5. exd5 Na5 6. Bb5+ c6 7. dxc6 bxc6 8.
Be2 h6 9. Nf3 e4 10. Ng1 Bc5 11. d3 Qb6 12. Be3 Bxe3 13. fxe3 Qxb2 14. Nd2 exd3
15. cxd3 O-O 16. Ngf3 Nd5 17. e4 Ne3 18. Qc1 Qxa1 19. Qxa1 Nc2+ 20. Kd1 Nxa1
21. Nc4 Nxc4 22. dxc4 Rb8 23. Kc1 Re8 24. Bd3 Rd8 25. Ne5 Bd7 26. c5 Be8 27.
Rd1 Nb3+ 28. axb3 Rxb3 29. Kc2 Rdb8 30. Nc4 R3b5 0-1

[Event "Znojemska rotunda 2002"]
[Site "?"]
[Date "2002.??.??"]
[Round "5"]
[White "Adam, Petr sr"]
[Black "Dvorak, Libor"]
[Result "1/2-1/2"]
[WhiteElo "2108"]
[BlackElo "2046"]
[PlyCount "42"]

1. g3 g6 2. Bg2 Bg7 3. d3 d6 4. Nf3 c5 5. O-O Nc6 6. e4 e6 7. Nbd2 Nge7 8. c3
O-O 9. a4 Rb8 10. Qc2 a6 11. Rd1 b5 12. axb5 axb5 13. d4 cxd4 14. cxd4 Nxd4 15.
Nxd4 Bxd4 16. Nf3 Bg7 17. Bf4 e5 18. Bxe5 Bxe5 19. Nxe5 Qb6 20. Nd3 Bb7 21. Nf4
Ra8 1/2-1/2

[Event "Znojemska rotunda 2002"]
[Site "?"]
[Date "2002.??.??"]
[Round "5"]
[White "Petlak, Josef jr"]
[Black "Rajnoha, Lubos"]
[Result "1-0"]
[WhiteElo "1525"]
[BlackElo "1342"]
[PlyCount "43"]

1. e4 e5 2. Nf3 Nc6 3. Bb5 a6 4. Ba4 Nf6 5. d3 Bc5 6. O-O O-O 7. Bg5 h6 8. Bh4
d5 9. exd5 Qxd5 10. Bxf6 gxf6 11. Nc3 Qe6 12. Bb3 Qg4 13. Ne4 Qg6 14. Nxc5 Bh3
15. Nh4 Qg5 16. Qf3 Bg4 17. Qg3 f5 18. f3 Nd4 19. Rae1 f4 20. Qf2 Bh3 21. Ne4
Qg7 22. Kh1 1-0

[Event "Znojemska rotunda 2002"]
[Site "?"]
[Date "2002.??.??"]
[Round "5"]
[White "Holemar, David"]
[Black "Blazkova, Petra"]
[Result "1/2-1/2"]
[WhiteElo "2284"]
[BlackElo "2132"]
[PlyCount "70"]

1. d4 Nf6 2. c4 e5 3. dxe5 Ne4 4. Nf3 Nc6 5. e3 Bb4+ 6. Nbd2 Qe7 7. a3 Bxd2+ 8.
Nxd2 Nxd2 9. Bxd2 Nxe5 10. Bc3 d6 11. Qd4 c5 12. Qd2 Bd7 13. Be2 O-O-O 14. O-O
Bc6 15. f4 Ng6 16. Bf3 f5 17. Bxc6 bxc6 18. b4 Rhe8 19. Rfe1 Qe4 20. Rab1 Nh4
21. bxc5 dxc5 22. Qb2 Kd7 23. Rbd1+ Ke6 24. Bxg7 Qxg2+ 25. Qxg2 Nxg2 26. Kxg2
Rxd1 27. Rxd1 Rg8 28. Rb1 Rxg7+ 29. Kf3 Rd7 30. a4 Rd2 31. Rb7 Rxh2 32. Rxa7 h5
33. Ra6 Kd6 34. e4 fxe4+ 35. Kxe4 Rc2 1/2-1/2

[Event "Znojemska rotunda 2002"]
[Site "?"]
[Date "2002.??.??"]
[Round "5"]
[White "Dobes, Oldrich"]
[Black "Dvorak, Tomas"]
[Result "0-1"]
[WhiteElo "2024"]
[BlackElo "2300"]
[PlyCount "80"]

1. e4 c5 2. Nf3 d6 3. d4 cxd4 4. Nxd4 Nf6 5. Nc3 a6 6. Be3 e5 7. Nb3 Be6 8. f3
Nbd7 9. Qd2 b5 10. g4 Nb6 11. Qf2 Nc4 12. Bxc4 bxc4 13. Bb6 Qc8 14. Nd2 Be7 15.
O-O O-O 16. Kh1 Qb7 17. Rab1 d5 18. exd5 Nxd5 19. Bc5 Bxc5 20. Qxc5 Rac8 21.
Qf2 Bxg4 22. Qg3 Bf5 23. Qxe5 Nxc3 24. Qxc3 Rc6 25. Nxc4 Be6 26. b3 Qc7 27. Rg1
g6 28. Rg2 Bxc4 29. bxc4 Rxc4 30. Qb3 Re8 31. Qd3 Rc3 32. Qxa6 Rxf3 33. Re2
Rxe2 34. Qxe2 Rc3 35. Rb2 Qc6+ 36. Qg2 Rf3 37. Rb1 h5 38. Kg1 Qc5+ 39. Kh1 Rf2
40. Qg3 Qxc2 0-1

[Event "Znojemska rotunda 2002"]
[Site "?"]
[Date "2002.??.??"]
[Round "5"]
[White "Most, Zdenek"]
[Black "Skaroupka, Jiri"]
[Result "0-1"]
[WhiteElo "2118"]
[BlackElo "2059"]
[PlyCount "50"]

1. d4 Nf6 2. Nf3 g6 3. g3 Bg7 4. Bg2 O-O 5. c4 d6 6. Nc3 Nc6 7. O-O a6 8. d5
Na5 9. b3 c5 10. Bb2 Rb8 11. a4 Bd7 12. Nd2 b5 13. Qc2 bxc4 14. bxc4 Bh6 15. f4
e5 16. e3 exf4 17. Nce4 Nxe4 18. Nxe4 f5 19. Nxd6 Rxb2 20. Qxb2 Bg7 21. Qa3
Bxa1 22. Qxc5 fxe3 23. Rxa1 Nb3 24. Qa3 Nxa1 25. Qxa1 Qb6 0-1

[Event "Znojemska rotunda 2002"]
[Site "?"]
[Date "2002.??.??"]
[Round "5"]
[White "Divis, Jan"]
[Black "Bastyr, Pavel"]
[Result "0-1"]
[WhiteElo "1669"]
[BlackElo "1518"]
[PlyCount "78"]

1. d4 Nf6 2. c4 g6 3. Nc3 Bg7 4. e4 d6 5. Nf3 O-O 6. Be2 Nbd7 7. O-O e5 8. d5
Nc5 9. Qc2 Nh5 10. Bg5 f6 11. Be3 Nf4 12. Bxf4 exf4 13. b4 Nd7 14. Rad1 Ne5 15.
Nxe5 fxe5 16. f3 g5 17. c5 Kh8 18. cxd6 cxd6 19. Kh1 Rg8 20. Nb5 Bf8 21. Qc7
Qf6 22. Qc2 g4 23. fxg4 Bxg4 24. Bxg4 Rxg4 25. Rf3 Be7 26. Rdd3 a6 27. Na3 Rag8
28. Rd2 Qh4 29. Qc1 Rg3 30. Qf1 Rxf3 31. gxf3 b5 32. Rc2 Rg3 33. Re2 Bd8 34.
Nb1 Bb6 35. Rg2 Rxf3 36. Qc1 Qd8 37. Qd1 Re3 38. Nd2 Rd3 39. Qg4 Qf8 0-1

[Event "Znojemska rotunda 2002"]
[Site "?"]
[Date "2002.??.??"]
[Round "5"]
[White "Pokorny, Jan"]
[Black "Jelen, Jiri"]
[Result "1/2-1/2"]
[WhiteElo "1690"]
[BlackElo "1995"]
[PlyCount "111"]

1. e4 c6 2. d4 d5 3. e5 Bf5 4. Bd3 Bg6 5. Nc3 e6 6. Nge2 Nd7 7. Be3 c5 8. Bxg6
hxg6 9. Qd2 Ne7 10. f4 Nc6 11. a3 Qa5 12. Rc1 cxd4 13. Nxd4 a6 14. Nb3 Qc7 15.
Qf2 g5 16. g3 gxf4 17. gxf4 Be7 18. h4 g6 19. Ke2 Qd8 20. Na4 Bxh4 21. Qh2 Rh5
22. Qg1 Ne7 23. Nb6 Nf5 24. Kd2 Nxe3 25. Nxa8 Nc4+ 26. Ke2 Qxa8 27. Nd4 Nf8 28.
Nf3 Qd8 29. Rh2 b6 30. Qd4 Bg3 31. Rxh5 gxh5 32. b3 Nxa3 33. Qa4+ Nb5 34. Rg1
Qd7 35. Qxa6 Bxf4 36. Rg8 Nc7 37. Qxb6 Qb5+ 38. Qxb5+ Nxb5 39. Rh8 Ke7 40. Rxh5
Ng6 41. c4 dxc4 42. bxc4 Na3 43. Kd3 Bxe5 44. Rxe5 Nxe5+ 45. Nxe5 f6 46. Nf3
Kd6 47. Nd2 f5 48. Kc3 Ke5 49. Kb3 Nxc4 50. Kxc4 Kf4 51. Kd3 e5 52. Ke2 e4 53.
Nf1 Ke5 54. Ng3 f4 55. Nh5 Kf5 56. Nxf4 1/2-1/2

[Event "Znojemska rotunda 2002"]
[Site "?"]
[Date "2002.??.??"]
[Round "5"]
[White "Tejkal, Jiri"]
[Black "Belunek, Zdenek"]
[Result "1-0"]
[WhiteElo "2053"]
[BlackElo "1859"]
[PlyCount "83"]

1. d4 d5 2. Nf3 c6 3. Bf4 Bf5 4. e3 Nf6 5. Nbd2 e6 6. Be2 Be7 7. h3 Nbd7 8. O-O
O-O 9. Nh4 Be4 10. Nhf3 Rc8 11. Ne5 c5 12. c3 c4 13. f3 Bg6 14. Nxg6 hxg6 15.
e4 b5 16. a3 a5 17. Re1 Nb6 18. Bf1 Nh5 19. Bh2 Bh4 20. Re2 Ng3 21. Bxg3 Bxg3
22. Nb1 Qg5 23. Qd2 Qh4 24. Qe3 Na4 25. Rc2 Rfe8 26. Be2 Bf4 27. Qf2 Qh6 28.
Kh1 g5 29. Bd1 g4 30. Nd2 g3 31. Qe1 f5 32. Nf1 Qh4 33. Re2 Kf7 34. Bc2 fxe4
35. fxe4 g5 36. exd5 g4 37. dxe6+ Rxe6 38. Rxe6 gxh3 39. Qe4 hxg2+ 40. Kxg2 Rh8
41. Qf5+ Kg8 42. Rg6+ 1-0

[Event "Znojemska rotunda 2002"]
[Site "?"]
[Date "2002.??.??"]
[Round "5"]
[White "Michalcak, Lubomir"]
[Black "Hadac, Pavel"]
[Result "1-0"]
[WhiteElo "2046"]
[BlackElo "1907"]
[PlyCount "47"]

1. d4 Nf6 2. c4 g6 3. Nc3 d5 4. cxd5 Nxd5 5. e4 Nxc3 6. bxc3 Bg7 7. Bc4 O-O 8.
Ne2 c5 9. O-O cxd4 10. cxd4 Nd7 11. Be3 Qa5 12. Rc1 e6 13. Qb3 Nf6 14. Bd3 Ng4
15. Bf4 e5 16. Rc5 Qd8 17. dxe5 Qe7 18. Qc3 b6 19. Rc7 Qe8 20. Qa3 Be6 21. Nd4
Nxe5 22. Bb5 Qd8 23. Nxe6 fxe6 24. Rxg7+ 1-0

[Event "Znojemska rotunda 2002"]
[Site "?"]
[Date "2002.??.??"]
[Round "5"]
[White "Jurica, Peter"]
[Black "Valenta, Vit"]
[Result "0-1"]
[WhiteElo "2142"]
[BlackElo "2075"]
[PlyCount "114"]

1. Nf3 Nf6 2. d4 g6 3. g3 Bg7 4. Bg2 O-O 5. O-O d6 6. Nbd2 Nc6 7. e4 e5 8. c3
Bg4 9. Qb3 Qc8 10. Re1 h6 11. Qc4 Nd7 12. b3 Nb6 13. Qd3 Re8 14. Bb2 Ne7 15. c4
Nc6 16. d5 Nb4 17. Qc3 a5 18. a3 Na6 19. Qxa5 f5 20. Qc3 Nc5 21. Nh4 Bh5 22.
Bh3 Bf6 23. Ng2 Qd8 24. exf5 g5 25. g4 Bf7 26. Ne4 Nxe4 27. Rxe4 c6 28. dxc6
bxc6 29. Rd1 d5 30. c5 Nd7 31. Ree1 e4 32. Qc2 Bxb2 33. Qxb2 Ne5 34. Re2 Qa5
35. b4 Qxa3 36. Ne3 Qxb2 37. Rxb2 Nd3 38. Rbd2 Nxb4 39. Bf1 Reb8 40. Rb1 Na6
41. Rxb8+ Nxb8 42. Rb2 Nd7 43. Rb7 Nxc5 44. Rc7 Be8 45. Nxd5 cxd5 46. Rxc5 Rd8
47. Bg2 Bf7 48. Kf1 Kg7 49. Ke2 Kf6 50. Rc6+ Ke5 51. Rxh6 d4 52. Rb6 Bc4+ 53.
Kd2 Ra8 54. Rb4 Ra2+ 55. Ke1 Ba6 56. Rb8 Kf4 57. Rb4 Re2+ 0-1

[Event "Znojemska rotunda 2002"]
[Site "?"]
[Date "2002.??.??"]
[Round "5"]
[White "Vlk, Miroslav"]
[Black "Petlak, Josef sr"]
[Result "1/2-1/2"]
[WhiteElo "2160"]
[BlackElo "1959"]
[PlyCount "107"]

1. d4 d5 2. c4 e6 3. Nc3 Nf6 4. Bg5 Be7 5. Nf3 h6 6. Bh4 O-O 7. e3 b6 8. cxd5
Nxd5 9. Bxe7 Qxe7 10. Bd3 Nxc3 11. bxc3 Bb7 12. O-O Nd7 13. e4 c5 14. Qb3 Nf6
15. Rfe1 cxd4 16. cxd4 Rac8 17. Qa4 Rc7 18. Nd2 Rd8 19. Rac1 Rcd7 20. Nb3 Ba8
21. f3 g6 22. Rc3 Rc7 23. Rec1 Rxc3 24. Rxc3 Kg7 25. Bf1 h5 26. Nd2 Ne8 27. Ra3
Qd7 28. Bb5 Qxd4+ 29. Qxd4+ Rxd4 30. Bxe8 a5 31. Nf1 f5 32. exf5 exf5 33. Rc3
Rd6 34. a4 Kf6 35. Bb5 h4 36. Rc8 Bd5 37. Rh8 Kg5 38. h3 Bb3 39. Rh7 Rd1 40.
Rb7 Ra1 41. Rxb6 Bxa4 42. Bxa4 Rxa4 43. Nd2 Ra2 44. Nc4 Kf4 45. Rxg6 a4 46. Kh2
Rc2 47. Na3 Rc3 48. Nb5 Rb3 49. Ra6 Rxb5 50. Rxa4+ Kg5 51. Ra1 Rb4 52. Re1 Ra4
53. Re8 Rb4 54. Rg8+ 1/2-1/2

[Event "Znojemska rotunda 2002"]
[Site "?"]
[Date "2002.??.??"]
[Round "5"]
[White "Doeekal, Jan"]
[Black "Sochor, Stanislav"]
[Result "0-1"]
[WhiteElo "1925"]
[BlackElo "2056"]
[PlyCount "80"]

1. Nf3 d5 2. d4 e6 3. g3 c5 4. c3 Nc6 5. Bg2 Bd6 6. O-O Nf6 7. Re1 O-O 8. Nbd2
b6 9. e4 dxe4 10. Nxe4 Nxe4 11. Rxe4 Bb7 12. Rh4 Be7 13. Rh3 Qd7 14. Ng5 h6 15.
Nh7 Kxh7 16. Bxh6 f5 17. Bf4+ Kg8 18. d5 Nd8 19. Qh5 Bf6 20. Qh7+ Kf7 21. Rh6
Bxd5 22. Rd1 c4 23. Rg6 Nc6 24. Bg5 Be5 25. Rxe6 Kxe6 26. Qg6+ Bf6 27. g4 Ne7
28. gxf5+ Kd6 29. Bf4+ Kc6 30. Qg4 Rad8 31. Qe2 b5 32. b3 Qxf5 33. bxc4 Bxg2
34. cxb5+ Kb7 35. Kxg2 Qxf4 36. Rf1 Be5 37. Qh5 Rh8 38. Qf3+ Qxf3+ 39. Kxf3
Rxh2 40. Re1 Bf6 0-1

[Event "Znojemska rotunda 2002"]
[Site "?"]
[Date "2002.??.??"]
[Round "5"]
[White "Parak, Dominik"]
[Black "Roesner, Tomas"]
[Result "0-1"]
[WhiteElo "1978"]
[BlackElo "1808"]
[PlyCount "166"]

1. e4 e5 2. Nf3 Nc6 3. Bb5 a6 4. Ba4 Nf6 5. O-O Be7 6. Re1 b5 7. Bb3 O-O 8. c3
d5 9. exd5 Nxd5 10. Nxe5 Nxe5 11. Rxe5 c6 12. d4 Bd6 13. Re1 Qh4 14. g3 Qh3 15.
Re4 Bd7 16. Bc2 Be7 17. Nd2 Rae8 18. Nf1 f5 19. Re5 Bd6 20. Rxe8 Rxe8 21. f4 g5
22. Bb3 gxf4 23. Bxf4 Bxf4 24. gxf4 Kh8 25. Bxd5 cxd5 26. Ng3 Rg8 27. Qf3 h5
28. Kh1 Rg4 29. Rf1 b4 30. Rf2 Bb5 31. Nxf5 Qxf3+ 32. Rxf3 bxc3 33. bxc3 Be2
34. Rf2 Bd3 35. h3 Be4+ 36. Kh2 Rg6 37. Nh4 Rc6 38. f5 Kg7 39. Nf3 Kf6 40. Nh4
Rxc3 41. Ng2 Ra3 42. Nf4 Kf7 43. Nxh5 Bb1 44. Kg2 a5 45. Kf1 Bxa2 46. Rb2 Bb3
47. Ke2 a4 48. Kd2 Ra1 49. Kc3 Rf1 50. Kb4 Rf3 51. Rg2 Bd1 52. Rg7+ Kf8 53. Ra7
Rb3+ 54. Kc5 Bxh5 55. Rxa4 Bf3 56. Ra7 Be4 57. Kd6 Rf3 58. Ke6 Rxf5 59. h4 Rh5
60. Kf6 Kg8 61. Rg7+ Kh8 62. Rg4 Rf5+ 63. Ke6 Kh7 64. Rg1 Rf4 65. Rg3 Rxh4 66.
Kf6 Rf4+ 67. Ke5 Rf5+ 68. Ke6 Kh6 69. Rg8 Kh5 70. Rg1 Rg5 71. Rc1 Rg3 72. Kd6
Kg5 73. Ke5 Kg4 74. Rf1 Rf3 75. Rg1+ Kh3 76. Re1 Rf5+ 77. Ke6 Kg3 78. Rg1+ Kf2
79. Ra1 Ke3 80. Ra4 Rh5 81. Kd6 Rh1 82. Kc5 Rc1+ 83. Kb5 Bd3+ 0-1

[Event "Znojemska rotunda 2002"]
[Site "?"]
[Date "2002.??.??"]
[Round "6"]
[White "Roesner, Tomas"]
[Black "Most, Zdenek"]
[Result "0-1"]
[WhiteElo "1808"]
[BlackElo "2118"]
[PlyCount "40"]

1. e4 d6 2. d4 Nf6 3. Nc3 g6 4. g3 Bg7 5. Bg2 O-O 6. Bg5 h6 7. Bd2 Nc6 8. Nge2
e5 9. dxe5 dxe5 10. O-O Be6 11. f4 Qe7 12. f5 Bc4 13. fxg6 fxg6 14. b3 Qc5+ 15.
Kh1 Ng4 16. Na4 Rxf1+ 17. Qxf1 Qd6 18. Rd1 Rf8 19. Bf3 Nd4 20. bxc4 Rxf3 0-1

[Event "Znojemska rotunda 2002"]
[Site "?"]
[Date "2002.??.??"]
[Round "6"]
[White "Adam, Petr sr"]
[Black "Holemar, David"]
[Result "1/2-1/2"]
[WhiteElo "2108"]
[BlackElo "2284"]
[PlyCount "26"]

1. c4 g6 2. Nc3 Bg7 3. Nf3 Nf6 4. e4 e5 5. Be2 O-O 6. d3 d6 7. Bg5 h6 8. Bd2 c6
9. Qc1 Kh7 10. h4 h5 11. Ng5+ Kg8 12. f3 d5 13. Qc2 d4 1/2-1/2

[Event "Znojemska rotunda 2002"]
[Site "?"]
[Date "2002.??.??"]
[Round "6"]
[White "Svoboda, Jiri"]
[Black "Doeekal, Jan"]
[Result "0-1"]
[WhiteElo "1853"]
[BlackElo "1925"]
[PlyCount "56"]

1. Nf3 Nf6 2. d4 g6 3. c4 Bg7 4. Nc3 O-O 5. e4 d6 6. Be2 c6 7. e5 dxe5 8. dxe5
Qxd1+ 9. Bxd1 Ng4 10. Bf4 Nd7 11. e6 fxe6 12. Bg5 Nde5 13. Nxe5 Nxe5 14. Be2
Re8 15. Rd1 Nf7 16. Bh4 e5 17. Ne4 b6 18. O-O Be6 19. b3 Bh6 20. Rfe1 Kf8 21.
Bf3 Rad8 22. Nc3 Bd2 23. Rxd2 Rxd2 24. Bxc6 Red8 25. Bd5 Bxd5 26. Nxd5 g5 27.
Bg3 e6 28. Nc3 R8d3 0-1

[Event "Znojemska rotunda 2002"]
[Site "?"]
[Date "2002.??.??"]
[Round "6"]
[White "Dvorak, Libor"]
[Black "Mlensky, Dalibor"]
[Result "1-0"]
[WhiteElo "2046"]
[BlackElo "2095"]
[PlyCount "109"]

1. Nf3 b6 2. g3 Bb7 3. Bg2 f5 4. c4 Nf6 5. Nc3 e6 6. O-O a5 7. a3 Na6 8. d3 Be7
9. Bd2 O-O 10. Na2 Qe8 11. e3 Qh5 12. Ne5 Qxd1 13. Rfxd1 Bxg2 14. Kxg2 Nc5 15.
d4 Nb3 16. Rab1 Nxd2 17. Rxd2 Ne4 18. Rd3 Rfd8 19. f3 Ng5 20. Nc3 Bf6 21. h4
Nf7 22. Nxf7 Kxf7 23. e4 g6 24. Rbd1 d6 25. b3 c6 26. d5 Bxc3 27. Rxc3 cxd5 28.
cxd5 fxe4 29. fxe4 Rd7 30. Rf1+ Ke7 31. Rcf3 Re8 32. Rc3 exd5 33. exd5 Kd8 34.
Rc6 Re2+ 35. Rf2 Rxf2+ 36. Kxf2 b5 37. Rb6 b4 38. axb4 axb4 39. Rxb4 Re7 40.
Rb6 Kc7 41. Ra6 Re4 42. Ra7+ Kb6 43. Rxh7 Kc5 44. Rg7 Rb4 45. Rxg6 Rxb3 46. Rg5
Kd4 47. h5 Ke4 48. Kg2 Rb2+ 49. Kh3 Rb1 50. Kg4 Rh1 51. Rf5 Rh2 52. Kg5 Rxh5+
53. Kxh5 Kxf5 54. g4+ Kf6 55. Kh6 1-0

[Event "Znojemska rotunda 2002"]
[Site "?"]
[Date "2002.??.??"]
[Round "6"]
[White "Sochor, Stanislav"]
[Black "Tejkal, Jiri"]
[Result "1/2-1/2"]
[WhiteElo "2056"]
[BlackElo "2053"]
[PlyCount "61"]

1. d4 Nf6 2. Nf3 g6 3. g3 Bg7 4. Bg2 O-O 5. O-O d6 6. c4 Nc6 7. Nc3 a6 8. d5
Na5 9. Nd2 c5 10. Qc2 Rb8 11. b3 b5 12. Bb2 bxc4 13. bxc4 e5 14. Rab1 Nh5 15.
e3 g5 16. Ne2 g4 17. Bc3 Rxb1 18. Rxb1 f5 19. Qa4 Nb7 20. f4 exf4 21. Bxg7 Kxg7
22. Nxf4 Nxf4 23. exf4 Qe7 24. Qa3 Re8 25. Qc3+ Kf7 26. Bf1 Qe3+ 27. Qxe3 Rxe3
28. Rb3 Re1 29. Rb1 Re3 30. Rb3 Re1 31. Rb1 1/2-1/2

[Event "Znojemska rotunda 2002"]
[Site "?"]
[Date "2002.??.??"]
[Round "6"]
[White "Dvorak, Tomas"]
[Black "Valenta, Vit"]
[Result "1/2-1/2"]
[WhiteElo "2300"]
[BlackElo "2075"]
[PlyCount "93"]

1. e4 e5 2. Nf3 Nc6 3. Bb5 a6 4. Ba4 Nf6 5. Qe2 Be7 6. O-O O-O 7. c3 b5 8. Bb3
d6 9. Rd1 Na5 10. Bc2 c5 11. d4 Qc7 12. h3 Nc6 13. Be3 Rb8 14. Nbd2 cxd4 15.
cxd4 Nxd4 16. Bxd4 Qxc2 17. Rac1 Qa4 18. b3 Qa5 19. Bc3 Qb6 20. Nf1 Bb7 21. Ng3
Rfc8 22. Qe1 Ne8 23. Qd2 h6 24. Ba5 Qa7 25. Bb4 Bf8 26. Qb2 Rxc1 27. Rxc1 Rc8
28. Rxc8 Bxc8 29. Qa3 Qe7 30. Ne2 Bb7 31. Nc3 Nf6 32. Nd2 Qd8 33. Kf1 Qa8 34.
Bxd6 Qd8 35. Bxf8 Qxd2 36. Bb4 Nxe4 37. Nxe4 Qd1+ 38. Be1 Bxe4 39. Qb4 Bd3+ 40.
Kg1 Qe2 41. a4 Bc2 42. axb5 axb5 43. Qc3 Kh7 44. b4 Bd3 45. Kh2 f6 46. Qd2 Qxd2
47. Bxd2 1/2-1/2

[Event "Znojemska rotunda 2002"]
[Site "?"]
[Date "2002.??.??"]
[Round "6"]
[White "Bastyr, Pavel"]
[Black "Pokorny, Jan"]
[Result "1-0"]
[WhiteElo "1518"]
[BlackElo "1690"]
[PlyCount "109"]

1. d4 Nf6 2. Bg5 g6 3. Bxf6 exf6 4. e4 Bg7 5. Nf3 d6 6. Nc3 O-O 7. Bd3 c6 8.
O-O Nd7 9. Ne2 b5 10. c3 Bb7 11. Ng3 Re8 12. Re1 Nb6 13. Nd2 Qd7 14. h4 a5 15.
h5 Qe6 16. Re3 Nc4 17. Nxc4 bxc4 18. Bc2 Rab8 19. hxg6 fxg6 20. b3 Ba6 21. Rb1
Qf7 22. Rf3 Bc8 23. Re3 Be6 24. d5 cxd5 25. exd5 Bxd5 26. Rxe8+ Rxe8 27. bxc4
Bxc4 28. Qxd6 f5 29. Rb8 Bxc3 30. Rxe8+ Qxe8 31. Qc5 Qe1+ 32. Kh2 Bxa2 33. Qc8+
Kg7 34. Qc7+ Bf7 35. Bb3 Be5 36. Qxf7+ Kh6 37. Qf8+ Kg5 38. Qe7+ Kg4 39. f3+
Kf4 40. Qh4+ Ke3 41. Kh3 Kd2 42. Qd8+ Ke3 43. Qg5+ Kd3 44. Bg8 f4 45. Qd8+ Bd4
46. Ne4 Qh1+ 47. Kg4 Qxg2+ 48. Kxf4 Qh2+ 49. Kg4 Qh5+ 50. Kg3 Qe5+ 51. Kg2 h6
52. Qd7 Ke3 53. Qh3 h5 54. f4+ Kxf4 55. Qf3# 1-0

[Event "Znojemska rotunda 2002"]
[Site "?"]
[Date "2002.??.??"]
[Round "6"]
[White "Petlak, Josef sr"]
[Black "Jurica, Peter"]
[Result "0-1"]
[WhiteElo "1925"]
[BlackElo "2142"]
[PlyCount "80"]

1. c3 e5 2. e3 d5 3. d4 Bd6 4. b3 Ne7 5. Ba3 O-O 6. Bd3 e4 7. Be2 Bxa3 8. Nxa3
a5 9. Nc2 b6 10. h4 c5 11. a3 Nbc6 12. g3 Ba6 13. Kf1 cxd4 14. cxd4 Qd6 15. Qd2
Rfc8 16. Kg2 a4 17. Bxa6 Rxa6 18. b4 Ra7 19. Ne2 Rac7 20. Rhc1 Na7 21. Ne1 Rc4
22. Rxc4 dxc4 23. Nc3 b5 24. Nxe4 Qc6 25. f3 c3 26. Qe2 Qg6 27. Nc2 Re8 28. Rh1
Nd5 29. h5 Qe6 30. g4 f5 31. gxf5 Qxf5 32. Rh3 Nc8 33. Rg3 Qxh5 34. Rg5 Qxg5+
35. Nxg5 Nf4+ 36. Kf2 Nxe2 37. Kxe2 Nd6 38. d5 Re5 39. Ne6 Rxd5 40. Ned4 Nf5
0-1

[Event "Znojemska rotunda 2002"]
[Site "?"]
[Date "2002.??.??"]
[Round "6"]
[White "Skaroupka, Jiri"]
[Black "Blazkova, Petra"]
[Result "0-1"]
[WhiteElo "2059"]
[BlackElo "2132"]
[PlyCount "62"]

1. Nf3 Nf6 2. c4 g6 3. Nc3 d5 4. cxd5 Nxd5 5. Qa4+ Nc6 6. Ne5 Ndb4 7. a3 Bg7 8.
Nxf7 Nd3+ 9. exd3 Kxf7 10. d4 Nxd4 11. Bc4+ e6 12. O-O Rf8 13. d3 Kg8 14. Ne4
Ne2+ 15. Kh1 Nxc1 16. Raxc1 Bxb2 17. Rc2 Bd4 18. f4 Kh8 19. g4 e5 20. Ng5 Bd7
21. Qb3 Bc6+ 22. Ne4 Rxf4 23. Rxf4 exf4 24. Bb5 Bxe4+ 25. dxe4 Qh4 26. Qd5 Rd8
27. Bd7 Qe1+ 28. Kg2 Rxd7 29. Qxd7 Qxe4+ 30. Kf1 Qd3+ 31. Ke1 Bc3+ 0-1

[Event "Znojemska rotunda 2002"]
[Site "?"]
[Date "2002.??.??"]
[Round "6"]
[White "Belunek, Zdenek"]
[Black "Petlak, Josef jr"]
[Result "0-1"]
[WhiteElo "1859"]
[BlackElo "1525"]
[PlyCount "66"]

1. e4 e6 2. d4 d5 3. exd5 exd5 4. Bd3 Bd6 5. Nf3 Nf6 6. Bg5 Bg4 7. Nbd2 Nbd7 8.
O-O O-O 9. c3 c6 10. Qc2 h6 11. Bh4 Qc7 12. Bg3 Bxg3 13. hxg3 Rfe8 14. Rae1
Rxe1 15. Rxe1 Re8 16. Rxe8+ Nxe8 17. Nh4 Qd6 18. Nf5 Bxf5 19. Bxf5 Nef6 20. Qa4
Qb8 21. Qa3 g6 22. Bh3 Kg7 23. Qe7 Qf8 24. Qe2 Qd6 25. Nf3 Ne4 26. Qc2 b6 27.
Qa4 a5 28. Bxd7 Qxd7 29. Ne5 Qf5 30. f3 Nxg3 31. Qxc6 Qb1+ 32. Kh2 Nf1+ 33. Kh3
Qe1 0-1

[Event "Znojemska rotunda 2002"]
[Site "?"]
[Date "2002.??.??"]
[Round "6"]
[White "Fojtik, Tomas"]
[Black "Michalcak, Lubomir"]
[Result "1/2-1/2"]
[WhiteElo "2107"]
[BlackElo "2046"]
[PlyCount "104"]

1. d4 Nf6 2. c4 g6 3. Nc3 Bg7 4. e4 d6 5. Nf3 O-O 6. Be2 e5 7. O-O Nc6 8. d5
Ne7 9. Ne1 Nd7 10. Nd3 f5 11. f3 f4 12. g4 g5 13. Bd2 h5 14. h3 Rf6 15. b4 Rh6
16. Kg2 Ng6 17. Be1 Kf7 18. Bf2 Nf6 19. Rh1 Bd7 20. c5 hxg4 21. hxg4 Rxh1 22.
Kxh1 Qe7 23. Kg2 a6 24. Qd2 Rh8 25. Rh1 Nh4+ 26. Bxh4 gxh4 27. cxd6 cxd6 28.
Qe1 Qd8 29. Rxh4 Nxg4 30. Rxg4 Bxg4 31. fxg4 Bf6 32. Qg1 Bh4 33. Ne1 Qc8 34.
Nd1 Bg3 35. Kf1 Qc1 36. Nf3 Qa1 37. Qb6 Rh1+ 38. Kg2 Rxd1 39. Qc7+ Kf8 40. Qd8+
Kg7 41. Qe7+ Kg8 42. Qe6+ Kg7 43. g5 Re1 44. Qf6+ Kg8 45. g6 Rxe2+ 46. Kh3 Qh1+
47. Kg4 Qh6 48. Ng5 Qf8 49. Qe6+ Kh8 50. Nh7 Qg8 51. Qf6+ Qg7 52. Qd8+ Qg8
1/2-1/2

[Event "Znojemska rotunda 2002"]
[Site "?"]
[Date "2002.??.??"]
[Round "6"]
[White "Jelen, Jiri"]
[Black "Antos, Jakub"]
[Result "0-1"]
[WhiteElo "1995"]
[BlackElo "1675"]
[PlyCount "121"]

1. d4 Nf6 2. g3 e6 3. Bg2 c5 4. Nf3 Nc6 5. c4 d5 6. cxd5 exd5 7. O-O Be7 8. Nc3
h6 9. h3 O-O 10. Be3 c4 11. Qd2 Bd6 12. Nh2 a6 13. Bf4 Bxf4 14. Qxf4 Re8 15.
Rad1 Ne7 16. Ng4 Nxg4 17. hxg4 Be6 18. e4 Ng6 19. Qe3 Bxg4 20. f3 Be6 21. Qf2
b5 22. exd5 Bf5 23. Ne4 Qxd5 24. g4 Bd7 25. f4 Rxe4 26. f5 Rxg4 27. fxg6 Rxg6
28. Kh2 Qh5+ 29. Kg1 Be6 30. Rd2 Bd5 31. Qe3 Rxg2+ 32. Rxg2 Bxg2 33. Kxg2 Rd8
34. Rf4 Qg5+ 35. Kf2 Kf8 36. Qe4 Re8 37. Qf3 Qg6 38. Rf5 Re6 39. Qa8+ Re8 40.
Qf3 Qe6 41. Re5 Qd7 42. Rxe8+ Qxe8 43. Qd5 g6 44. Qc5+ Kg7 45. d5 Qe5 46. Kf3
Qxb2 47. d6 Qc3+ 48. Kf4 Qd2+ 49. Kf3 c3 50. Qe5+ Kh7 51. Qe7 Qd5+ 52. Ke2 Kg7
53. d7 c2 54. d8=Q Qxd8 55. Qxd8 c1=Q 56. Qa5 Qc4+ 57. Ke3 h5 58. Qd2 b4 59.
Kf2 a5 60. Kg2 a4 61. Kh2 0-1

[Event "Znojemska rotunda 2002"]
[Site "?"]
[Date "2002.??.??"]
[Round "6"]
[White "Hadac, Pavel"]
[Black "Svoboda, Antonin"]
[Result "0-1"]
[WhiteElo "1907"]
[BlackElo "1861"]
[PlyCount "46"]

1. e4 d6 2. d4 Nf6 3. Nc3 g6 4. Be3 Bg7 5. f3 O-O 6. Bc4 Nbd7 7. Nge2 c6 8. Qd2
b5 9. Bb3 Re8 10. a4 b4 11. Nd1 a5 12. g4 e5 13. g5 Nh5 14. d5 c5 15. Ng3 Nf4
16. h4 Ba6 17. Bxf4 exf4 18. Ne2 Ne5 19. Qxf4 Qd7 20. Nf2 c4 21. Ba2 Qxa4 22.
Qe3 Qxc2 23. O-O Qd2 0-1